Maloobchod a voľný čas dizertačná práca

Gespeichert in:
Bibliographische Detailangaben
1. Verfasser: Rajeková, Jana
Körperschaft: Obchodná fakulta EU. Katedra marketingu
Weitere Verfasser: Štofilová, Jana
Format: Buch
Sprache:Slowakisch
Veröffentlicht: Bratislava 2011
Schlagworte:
Tags: Tag hinzufügen
Keine Tags, Fügen Sie das erste Tag hinzu!

MARC

LEADER 00000nam a2200000 4500
001 0136526
005 20240109073730.4
041 0 |a slo 
044 |a SK 
245 1 0 |a Maloobchod a voľný čas  |b dizertačná práca  |c Jana Rajeková ; školiteľ: Jana Štofilová 
264 1 |a Bratislava  |c 2011 
300 |a 129 s. 
610 2 0 |a maloobchod 
610 2 0 |a čas voľný 
610 2 0 |a nákup 
610 2 0 |a centrá obchodné 
610 2 0 |a strediská nákupné 
100 1 |a Rajeková, Jana 
700 1 |a Štofilová, Jana 
710 2 |a Obchodná fakulta EU. Katedra marketingu